|
|
|
|
| LEADER |
00000nam a2200000 a 4500 |
| 001 |
vtls001418871 |
| 003 |
SK-MaSNL |
| 005 |
20260331204105.0 |
| 008 |
160322s2001 xo 0 slo |
| 015 |
|
|
|a SNBSAB2001-00077
|
| 035 |
|
|
|a SNK000373678
|
| 040 |
|
|
|a SNK
|b slo
|c SNK
|e AACR2
|
| 041 |
0 |
|
|a slo
|
| 044 |
|
|
|a xo
|c SK
|
| 080 |
|
|
|a 75:012:929
|2 1981
|
| 080 |
|
|
|a 012
|2 1981
|
| 080 |
|
|
|a 929 Klimčák, Mikuláš
|2 1981
|
| 100 |
1 |
|
|a Ambrová, Helena,
|d 1952-
|4 zos
|9 37580
|
| 245 |
1 |
|
|a Mikuláš Klimčák
|b personálna bibliografia
|c zostavila: Helena Ambrová
|
| 260 |
|
|
|a Humenné
|b Vihorlatská knižnica
|c 2001
|
| 300 |
|
|
|a 15 s.
|c 21x15 cm
|
| 504 |
|
|
|a Usporiadanie temat. Reg. men. Zázn. s predm. heslom o čl., kn. a zbor. v slov.
|
| 521 |
|
|
|a Určené pre širokú verejnosť
|
| 600 |
1 |
7 |
|a Klimčák, Mikuláš,
|d 1921-2016
|2 SNKMA
|9 56088
|
| 655 |
|
7 |
|a personálne bibliografie
|2 SNK
|9 70198
|
| 655 |
|
7 |
|a neperiodické bibliografie
|2 SNK
|9 60408
|
| 710 |
2 |
|
|a Vihorlatská knižnica v Humennom
|4 pbl
|9 242431
|
| 958 |
|
|
|a RM
|
| 958 |
|
|
|a PB
|
| 958 |
|
|
|a SF
|
| 958 |
|
|
|a BX
|
| 999 |
|
|
|c 554253
|d 556183
|
| 952 |
|
|
|t P60, <03>, [BOOK], {603}
|a SNK
|b SNK
|y PREZ
|7 0
|p 17A0328943
|o snkOSC 21515
|i snkKSP 1164/2002
|0 0
|1 0
|4 0
|d 2002-01-25
|l 0
|r 2005-01-02 00:00:00
|w 2026-02-23
|